LIBRARY & INFORMATION CENTRE, KCAET, TAVANUR

ONLINE PUBLIC ACCESS CATALOGUE (OPAC)

Statistical methods in agriculture and experimental biology / (Record no. 10019)

MARC details
000 -LEADER
fixed length control field 00477cam a2200181ua 4500
020 ## - INTERNATIONAL STANDARD BOOK NUMBER
ISBN 0 412 24230 3
041 ## - LANGUAGE CODE
Language code of text/sound track or separate title eng
082 ## - DEWEY DECIMAL CLASSIFICATION NUMBER
Classification number 630.2195
Item number MEA/ST
100 ## - MAIN ENTRY--AUTHOR NAME
Personal name Mead, R .
245 ## - TITLE STATEMENT
Title Statistical methods in agriculture and experimental biology /
250 ## - EDITION STATEMENT
Edition statement 1 /
260 ## - PUBLICATION, DISTRIBUTION, ETC. (IMPRINT)
Place of publication London :
Name of publisher Chapman and Hall Ltd ,
Year of publication 1983.
300 ## - PHYSICAL DESCRIPTION
Number of Pages 335 ; .
700 1# - ADDED ENTRY--PERSONAL NAME
Personal name Curnow, R N .
942 ## - ADDED ENTRY ELEMENTS (KOHA)
Koha item type Books
Holdings
Withdrawn status Lost status Damaged status Home library Current library Date acquired Full call number Accession Number Koha item type
      KAUAET KAUAET 27/03/1987 630.2195 16170 Books
free website counter